| Tag |
First Indicator |
Second Indicator |
Subfields |
| LEADER |
00000cam a22000008a 4500 |
| 001 |
in00001760121 |
| 005 |
20151025071143.0 |
| 008 |
021212s2003 nyuab b 001 0 eng |
| 015 |
|
|
|a GBA3-Y9681
|
| 020 |
|
|
|a 0465091539
|
| 035 |
|
|
|a (OCoLC)ocm51623640
|
| 040 |
|
|
|a UKM
|c UKM
|d UOK
|d VYM
|d TXA
|d UtOrBLW
|
| 049 |
|
|
|a TXAM
|
| 082 |
0 |
4 |
|a 940.5451
|2 21
|
| 090 |
|
|
|a D781
|b .W721 2003
|
| 100 |
1 |
|
|a Williams, Andrew.
|
| 245 |
1 |
4 |
|a The battle of the Atlantic :
|b Hitler's gray wolves of the sea and the Allies desperate struggle to defeat them /
|c Andrew Williams.
|
| 264 |
|
1 |
|a New York :
|b BasicBooks ;
|a Oxford :
|b Oxford Publicity Partnership,
|c 2003.
|
| 300 |
|
|
|a 304 pages, 32 unnumbered pages of plates :
|b illustrations, map ;
|c 24 cm.
|
| 336 |
|
|
|a text
|b txt
|2 rdacontent
|
| 337 |
|
|
|a unmediated
|b n
|2 rdamedia
|
| 338 |
|
|
|a volume
|b nc
|2 rdacarrier
|
| 504 |
|
|
|a Includes bibliographical references and index.
|
| 536 |
|
|
|a Given in memory of John "Jack" E. Colladay '73 by his Mother Virginia Colladay May 2003.
|
| 650 |
|
0 |
|a World War, 1939-1945
|x Campaigns
|z Atlantic Ocean.
|
| 650 |
|
0 |
|a World War, 1939-1945
|v Personal narratives.
|
| 650 |
|
0 |
|a World War, 1939-1945
|v Naval operations
|x Submarine.
|
| 948 |
|
|
|a cataloged
|b h
|c 2003/6/6
|d c
|e eneff
|f 2:45:22 pm
|
| 994 |
|
|
|a E0
|b TXA
|
| 999 |
|
|
|a MARS
|
| 999 |
f |
f |
|s 2a95c3d6-abee-37f0-ba16-4e513583ae6d
|i b9ffe28f-6a08-38a5-b8eb-b663d045d6cb
|t 0
|
| 952 |
f |
f |
|p normal
|a Texas A&M University
|b College Station
|c Sterling C. Evans Library
|d Evans: Library Stacks
|t 0
|e D781 .W721 2003
|h Library of Congress classification
|i unmediated -- volume
|m A14829749521
|
| 998 |
f |
f |
|a D781 .W721 2003
|t 0
|l Evans: Library Stacks
|